| 000 | 00507nam a22001577a 4500 | ||
|---|---|---|---|
| 999 |
_c6902 _d6902 |
||
| 008 | 151001b xxu||||| |||| 00| 0 eng d | ||
| 020 | _a0789444127 | ||
| 050 | _aREF RC 81 .A5386 1999 | ||
| 100 | _aAmerican College of Physicians | ||
| 245 | _aComplete Home Medical Guide/ | ||
| 260 |
_aNew York: _bDK Publishing, Inc. _c1999. |
||
| 300 |
_a1104p. :ill. _c26 cm |
||
| 521 | _aincludes index | ||
| 650 | _aMedicine, Popular | ||
| 700 | _aGoldmann David R. | ||
| 942 |
_2lcc _cREF_BOOK _hREF RC 81 .A5386 1999 |
||